| 000 | 00904nam a22002417a 4500 | ||
|---|---|---|---|
| 999 |
_c15039 _d15039 |
||
| 003 | AR-CdUCM | ||
| 008 | 190415b ||||| |||| 00| 0 spa d | ||
| 020 | _a978-612-301-904-4 | ||
| 040 |
_aMUNICIPALIDAD PROVINCIAL DEL CUSCO _cBIBLIOTECA MUNICIPAL DEL CUSCO |
||
| 082 |
_aEP / 803 / _bC95 |
||
| 100 |
_aCueto Paz Vergara, Pamela. _934048 |
||
| 245 |
_aLas brujas de Cachiche : _bY la maldición de la palmera de siete cabezas / |
||
| 260 |
_aLima : _bQG editores S.A.C., _c2013. |
||
| 300 |
_a45 páginas ; _c21 cm. |
||
| 440 |
_aLeyendas tenebrosas del Perú . _n3 _934049 |
||
| 500 | _aYo leo plan lector. | ||
| 505 | _aContenido :Las brujas de Cachiche, y la maldición de la palmera de siete cabezas . | ||
| 650 |
_aHistorietas. _910786 |
||
| 650 |
_aCuentos de terror. _931714 |
||
| 700 |
_aAyala, Gabriela y Mateo (Ilustraciones) _934050 |
||
| 942 |
_2ddc _cLIBROS |
||
| 945 |
_arum _d2019-04-25 |
||